| 000 | 00527nam a22002057i 4500 | ||
|---|---|---|---|
| 999 |
_c6358 _d6358 |
||
| 001 | 7464 | ||
| 003 | OSt | ||
| 005 | 20181112112459.0 | ||
| 007 | tu | ||
| 008 | 161220s2006 xxu||||| |||| 00| 0 d | ||
| 024 | 7 |
_a7464 _2RID |
|
| 024 | 7 |
_a7464 _2RSN (alt) |
|
| 040 | _cOSt | ||
| 110 | 2 | _aInstitute of Macroeconomic Analysis and Development | |
| 245 | 0 | 0 | _aSlovenia: Spring Report 2006 |
| 260 |
_aLjubljana, _c2006. |
||
| 300 |
_a200 S. ; _c21cm. |
||
| 490 |
_aAnalysis, Research and Development Series _x1318-3869 |
||
| 942 | _cP | ||